Derecho a la Ancianidad. Su constitucionalización en la Argentina : enfoque socioeconómico - Histórico - Gerontológico - Filosófico - Jurídico /
Guardado en:
| Autor Principal: | |
|---|---|
| Formato: | Libro |
| Idioma: | Spanish |
| Publicado: |
Buenos Aires :
Dunken,
2013.
|
| Edición: | 1a. ed. |
| Materias: | |
| Etiquetas: |
Agregar Etiqueta
Sin Etiquetas, Sea el primero en etiquetar este registro!
|
| LEADER | 00604nam a22001695a 4500 | ||
|---|---|---|---|
| 001 | DER.der014287 | ||
| 008 | 191023s2013####ag############000#0#spa#d | ||
| 005 | 20260202103423.0 | ||
| 245 | 1 | 0 | |a Derecho a la Ancianidad. Su constitucionalización en la Argentina : |b enfoque socioeconómico - Histórico - Gerontológico - Filosófico - Jurídico / |c Andrés Tomasello. |
| 250 | |a 1a. ed. | ||
| 260 | |a Buenos Aires : |b Dunken, |c 2013. | ||
| 300 | |a 224 p. | ||
| 020 | |a 9789870263210 | ||
| 100 | 1 | |a Tomasello, Andrés. | |
| 650 | 7 | |a ADULTOS MAYORES | |
| 653 | |a Adultos mayores | ||
| 859 | |a DERECHO |b BIB. DERECHO |h 362.6 |i TOM |p 009558 | ||
